Normal view
MARC view
- Tunneling.
Entry Topical Term
001 - CONTROL NUMBER
- control field: 24742
003 - CONTROL NUMBER IDENTIFIER
- control field: NUST
005 - DATE AND TIME OF LATEST TRANSACTION
- control field: 20191024171005.0
008 - FIXED-LENGTH DATA ELEMENTS
- fixed length control field: 191024|| aca||aabn | a|a d
040 ## - CATALOGING SOURCE
- Original cataloging agency: NUST
- Transcribing agency: NUST
150 ## - HEADING--TOPICAL TERM
- Topical term or geographic name entry element: Tunneling.
670 ## - SOURCE DATA FOUND
- Source citation: Work cat.: (NUST)0: Chapman, David N. 24740, Introduction to tunnel construction /, 2010.
